000 00994nam a2200241Ia 4500
999 _c38067
_d38067
001 4053
003 GE_BSU
005 20190923121934.0
008 181216s1988||||ge |||||||||||||| ||geo||
040 _cGE_BSU
041 _ageo
080 _a392(479.22) ბ–60
100 _aბექაია, მზია
_94223
245 _aოჯახის ეთნოსოციოლოგიური კვლევის მეთოდური საკითხები /
_cმ. ბექაია, .რედ. ალ. რობაქიძე.
264 _aთბ. :
_bმეცნიერება,
_c1988.
300 _a133გვ.
_b21სმ.
504 _a ბიბლიოგრ. ტექსტის შენიშვნებში.
520 _aრეზ. რუს. ენ.
541 _h2ლ.
653 _aოჯახის სოციოლოგია
700 _aრობაქიძე, ალ.
_eრედაქტორი
_94224
942 _cBK
_2udc